000 00705nam a2200265Ia 4500
003 OSt
005 20221005022207.0
006 a|||||r|||| 00| 0
007 ta
008 221004b |||||||| |||| 00| 0 urd d
020 _c200.00
024 _a7777
037 _cTextual
040 _aCRL
_cCRL
_burd
041 _2urd
_aurd
082 _aO168,1M76:g, N8
100 _aAnsari Asloob Ahmad Au.
_9172435
245 0 _aIqbal
_b hurf aur mani
260 _aAligarh
_bEducational book house India
_c1998
300 _a331p.
_ccm.
650 _a URDU POETRY
650 _aIQBAL
942 _hO168,1M76:g, N8
_cTEXL
_2cc
999 _c928849
_d928849